[Event "AUTO-MASTER-3047"]
[Site "http://www.queenalice.com/game.php?id=1760912"]
[Date "2021.5.29"]
[Round "1"]
[White "Samuelfs57"]
[Black "chessman"]
[Result "0-1"]
[WhiteElo "1982"]
[BlackElo "1955"]

1. e4 e6 2. e5 d5 3. d4 c5 4. c4 cxd4 5. Qxd4 Nc6 6. Qf4 Nge7 7. Be2 Ng6 8. Qg3
Ncxe5 9. cxd5 Qxd5 10. Nc3 Bb4 11. Bd2 Qd8 12. O-O-O Qb6 13. Be3 Qa5 14. Bd4
Bxc3 15. Bxc3 Qc5 16. a3 a5 17. Kb1 O-O 18. h4 f6 19. h5 Ne7 20. h6 g6 21. Rh5
Nf5 22. Rxf5 exf5 23. Rc1 Be6 24. f4 Ng4 25. Bxg4 Qd5 26. Be2 Qa2+ 27. Kc2 Rfd8
28. Rd1 Bb3+ 0-1

[Event "AUTO-MASTER-3047"]
[Site "http://www.queenalice.com/game.php?id=1760913"]
[Date "2021.5.29"]
[Round "1"]
[White "chessman"]
[Black "Samuelfs57"]
[Result "1-0"]
[WhiteElo "1972"]
[BlackElo "1965"]

1. e4 e5 2. Nf3 d5 3. Nxe5 Bd6 4. d4 f6 5. Qh5+ g6 6. Nxg6 hxg6 7. Qxh8 Be6 8.
exd5 Bxd5 9. Qh3 Nc6 10. Bb5 Qd7 11. Qxd7+ Kxd7 12. O-O Re8 13. c4 Ne7 14. cxd5
Nxd5 15. Nc3 Rh8 16. h3 a6 17. Nxd5 axb5 18. Nxf6+ Ke7 19. Nd5+ Kf7 20. Be3 Rh5
21. Nc3 Ne7 22. a3 c6 23. Rfe1 Nf5 24. g4 Rxh3 25. gxf5 gxf5 26. Kf1 f4 27. Ne4
1-0

[Event "AUTO-MASTER-3047"]
[Site "http://www.queenalice.com/game.php?id=1760914"]
[Date "2021.5.29"]
[Round "1"]
[White "Samuelfs57"]
[Black "Pistolero"]
[Result "0-1"]
[WhiteElo "2000"]
[BlackElo "2043"]

1. e4 c5 2. f4 d5 3. e5 Bf5 4. g4 Be4 5. Nf3 d4 6. d3 Bc6 7. Bd2 h5 8. g5 e6 9.
h4 g6 10. Rh3 Ne7 11. Na3 b5 12. b4 Nf5 13. Qb1 a6 14. bxc5 Bxc5 15. Qb2 Qe7 16.
Nb1 Qb7 17. Be2 Nd7 18. Bb4 O-O 19. Bxc5 Nxc5 20. Nxd4 Na4 21. Qc1 Nxd4 22. c3
Nxe2 23. Kxe2 Rac8 24. Re3 Rfd8 25. d4 Be4 26. Qa3 Bf5 27. Nd2 Qg2+ 28. Ke1 Qg1+
29. Nf1 Qg4 30. Qe7 Qxh4+ 31. Kd2 Qxf4 32. Re1 Nxc3 0-1

[Event "AUTO-MASTER-3047"]
[Site "http://www.queenalice.com/game.php?id=1760915"]
[Date "2021.5.29"]
[Round "1"]
[White "Pistolero"]
[Black "Samuelfs57"]
[Result "0-1"]
[WhiteElo "2055"]
[BlackElo "1962"]

1. e4 e5 2. Nf3 Nc6 3. d4 d6 4. dxe5 dxe5 5. Qxd8+ Kxd8 6. Bb5 Bd7 7. Bxc6 Bxc6
8. Nxe5 Ke7 9. Nxc6+ bxc6 10. O-O g6 11. Bg5+ Ke6 12. Nd2 Bh6 13. Bxh6 Nxh6 14.
f3 Rhd8 15. Rad1 Rd7 16. Nb3 Rxd1 17. Rxd1 Ke7 18. Nd4 c5 19. Nc6+ Ke8 20. Rd5
f5 0-1

[Event "Challenge"]
[Site "http://www.queenalice.com/game.php?id=1760962"]
[Date "2021.5.30"]
[Round "-"]
[White "Samuelfs57"]
[Black "Jsc"]
[Result "1-0"]
[WhiteElo "1949"]
[BlackElo "2017"]

1. e4 e6 2. d4 d5 3. e5 c5 4. c3 Nc6 5. Be2 Qb6 6. Nf3 cxd4 7. cxd4 Nge7 8. O-O
Nf5 9. Nc3 Ncxd4 10. Nxd4 Nxd4 11. Bd3 Nc6 12. Bb5 Bd7 13. Bxc6 bxc6 14. Na4 Qc7
15. f4 Be7 16. Be3 c5 17. Rc1 c4 18. Nc3 O-O 19. a3 Rab8 20. Bd4 Rxb2 21. Nxd5
Rxg2+ 22. Kxg2 exd5 23. Rc3 Bc6 24. Rg3 Kh8 25. e6 f6 26. Qh5 Qd6 27. Qg4 g6 28.
f5 g5 29. Qxg5 1-0

[Event "Challenge"]
[Site "http://www.queenalice.com/game.php?id=1761269"]
[Date "2021.6.3"]
[Round "-"]
[White "tucuman"]
[Black "Samuelfs57"]
[Result "0-1"]
[WhiteElo "2061"]
[BlackElo "1964"]

1. e4 e5 2. Nc3 Nf6 3. Nf3 Nc6 4. Bc4 d6 5. h3 a6 6. d3 h6 7. a3 b5 8. Bd5 Nxd5
9. Nxd5 Be6 10. Nc3 Be7 11. Be3 O-O 12. Qd2 d5 13. exd5 Bxd5 14. Nxd5 Qxd5 15.
b3 b4 16. a4 Rad8 17. O-O-O Bf6 18. Rdg1 Na5 19. Nh2 e4 20. d4 Qc6 21. Kb1 Rb8
22. Ng4 Nc4 23. Nxf6+ gxf6 24. bxc4 Qxa4 25. Bxh6 b3 26. c3 b2 27. Bxf8 Qa1+ 28.
Kc2 b1=Q+ 29. Rxb1 Qa2+ 30. Kd1 Rxb1+ 31. Ke2 Qxd2+ 32. Kxd2 Rxh1 33. Bb4 Ra1
34. Ke3 a5 35. Be7 f5 36. d5 a4 37. d6 cxd6 38. Bxd6 f6 39. f3 Rd1 40. Bb4 exf3
41. Kxf3 Kf7 42. Kf4 Kg6 43. c5 Re1 44. c6 Re6 45. c7 Re4+ 46. Kf3 Rc4 47. Ke3
Rxc7 48. g3 a3 49. Bxa3 Rxc3+ 50. Kf4 Rxa3 51. h4 Ra4+ 52. Kf3 Kh5 53. Ke3 Kg4
54. Kf2 Ra3 55. Kg2 Ra2+ 0-1

[Event "Challenge"]
[Site "http://www.queenalice.com/game.php?id=1761921"]
[Date "2021.6.11"]
[Round "-"]
[White "Samuelfs57"]
[Black "tucuman"]
[Result "1-0"]
[WhiteElo "1984"]
[BlackElo "2041"]

1. e4 d5 2. exd5 Qxd5 3. Nc3 Qd8 4. Bc4 g6 5. Qf3 e6 6. d3 Bg7 7. Nge2 Nc6 8.
O-O Nf6 9. Bg5 O-O 10. Ne4 Ne5 11. Nxf6+ Bxf6 12. Qxf6 Qxf6 13. Bxf6 Nxc4 14.
dxc4 c5 15. Ng3 b6 16. Ne4 Bb7 17. Nd6 Bc6 18. Rfd1 a6 19. Rd3 h6 20. Rad1 Ba4
21. b3 Bc6 22. Rh3 h5 23. g4 Kh7 24. Rdd3 b5 25. Rdg3 bxc4 26. gxh5 1-0

[Event "Vamos jogar uma melhor de 3?"]
[Site "http://www.queenalice.com/game.php?id=1761939"]
[Date "2021.6.12"]
[Round "-"]
[White "frankcasadio"]
[Black "Samuelfs57"]
[Result "0-1"]
[WhiteElo "2044"]
[BlackElo "1982"]

1. e4 e5 2. Nf3 Nc6 3. Bc4 h6 4. d4 d6 5. dxe5 Qe7 6. Nc3 Bg4 7. exd6 cxd6 8.
O-O Nf6 9. Bf4 O-O-O 10. h3 Bxf3 11. Qxf3 Ne5 12. Bxe5 dxe5 13. Rad1 Qc7 14. Bb3
Bd6 15. Bxf7 Qxf7 16. Nb5 Bc5 17. a3 Bb6 18. Nd6+ Rxd6 19. Rxd6 Rf8 20. Qd3 Nd7
21. Qc3+ Kb8 22. Rd2 Rc8 23. Qb4 Bc5 24. Qb5 Nf6 25. Re2 Nh5 26. g3 Nxg3 27. b4
Qf3 0-1

[Event "Challenge"]
[Site "http://www.queenalice.com/game.php?id=1762122"]
[Date "2021.6.13"]
[Round "-"]
[White "thw"]
[Black "Samuelfs57"]
[Result "1-0"]
[WhiteElo "1850"]
[BlackElo "1983"]

1. e4 e5 2. Nf3 Nf6 3. Nxe5 Bc5 4. d4 Qe7 5. Nxf7 Qxe4+ 6. Qe2 Qxe2+ 7. Bxe2
Bb4+ 8. c3 Bxc3+ 9. bxc3 Kxf7 10. O-O d5 11. Bg5 Ne4 12. Bf4 Rf8 13. Bxc7 Kg8
14. Bf3 Nc6 15. Bxe4 dxe4 16. Re1 Bf5 17. Nd2 Rac8 18. Bd6 Rf6 19. Ba3 Re6 20.
d5 Ree8 21. dxc6 Rxc6 22. Re3 b5 23. Bb4 Rg6 24. Rae1 Rge6 25. f3 exf3 26. Rxe6
Rxe6 27. Rxe6 Bxe6 28. Nxf3 Bxa2 29. Ne5 Bd5 30. g3 g6 31. Kf2 Kg7 32. Ke3 Kf6
33. Kd4 Bc4 34. Nxc4 bxc4 35. Kxc4 Ke6 36. Kd4 Kd7 37. Ke5 Kc6 38. Kf6 Kb5 39.
Kg7 a5 40. Bxa5 Kxa5 41. Kxh7 g5 42. Kg6 g4 43. Kg5 1-0

[Event "Challenge"]
[Site "http://www.queenalice.com/game.php?id=1762147"]
[Date "2021.6.14"]
[Round "-"]
[White "Samuelfs57"]
[Black "pizzaiolo72"]
[Result "1-0"]
[WhiteElo "1973"]
[BlackElo "2146"]

1. e4 Nf6 2. Nc3 e5 3. Nf3 Nc6 4. Bb5 a6 5. Bxc6 dxc6 6. a3 Bg4 7. h3 Bxf3 8.
Qxf3 Be7 9. d3 O-O 10. O-O h6 11. Ne2 c5 12. c4 b5 13. Ng3 Nh7 14. Nf5 Bg5 15.
Qg3 Bxc1 16. Qxg7# 1-0

[Event "Challenge"]
[Site "http://www.queenalice.com/game.php?id=1762153"]
[Date "2021.6.14"]
[Round "-"]
[White "tucuman"]
[Black "Samuelfs57"]
[Result "1-0"]
[WhiteElo "2023"]
[BlackElo "2002"]

1. c4 c5 2. e3 d6 3. Nc3 e5 4. a3 Nf6 5. b4 b6 6. Qf3 e4 7. Nxe4 Bb7 8. Nxf6+
gxf6 9. Qxb7 Nd7 10. Ne2 Bg7 11. Qe4+ Ne5 12. Ng3 O-O 13. Bb2 Re8 14. Qd5 Qd7
15. f4 Ng6 16. Be2 Qe7 17. O-O Qe6 18. Qh5 Rad8 19. Nf5 d5 20. Rf3 Ne7 21. Bd3
Ng6 22. Rh3 h6 23. Rg3 dxc4 24. Nxg7 Kxg7 25. Bxg6 fxg6 26. Qxg6+ 1-0

[Event "Challenge"]
[Site "http://www.queenalice.com/game.php?id=1762185"]
[Date "2021.6.14"]
[Round "-"]
[White "Samuelfs57"]
[Black "tucuman"]
[Result "0-1"]
[WhiteElo "1987"]
[BlackElo "2038"]

1. e4 c5 2. c4 d6 3. Nc3 e5 4. d3 Nc6 5. Nf3 g6 6. Nd5 Bh6 7. Bxh6 Nxh6 8. h3
Kf8 9. Qd2 Kg7 10. Be2 f6 11. O-O a5 12. a3 Be6 13. Qe3 Nf7 14. Nh2 Nd4 15. Bd1
b5 16. Qg3 f5 17. f4 bxc4 18. dxc4 fxe4 19. fxe5 Nxe5 20. b3 Bxd5 21. cxd5 Qe7
22. Ng4 Nxg4 23. Qxg4 e3 24. Bf3 Rhf8 25. b4 axb4 26. axb4 e2 27. Bxe2 Nxe2+ 28.
Kh1 Qe5 29. Rf7+ Rxf7 30. Rd1 Raf8 31. g3 Qxd5+ 32. Rxd5 Rf1+ 0-1

[Event "Challenge"]
[Site "http://www.queenalice.com/game.php?id=1762264"]
[Date "2021.6.15"]
[Round "-"]
[White "Samuelfs57"]
[Black "tucuman"]
[Result "0-1"]
[WhiteElo "1996"]
[BlackElo "2066"]

1. e4 c5 2. f4 h5 3. e5 Nc6 4. Nf3 a6 5. d4 cxd4 6. Nxd4 d5 7. Nxc6 bxc6 8. c4
e6 9. Nc3 Rb8 10. a3 a5 11. Bd3 Bc5 12. cxd5 cxd5 13. Rb1 Bd7 14. b4 axb4 15.
axb4 Bxb4 16. Bd2 Ne7 17. O-O Kf8 18. Qc2 g6 19. Rf3 Qa5 20. Na2 Bc5+ 21. Be3
Rxb1+ 22. Qxb1 Bxe3+ 23. Rxe3 Qa7 24. Kf2 Kg7 25. Nc1 Rb8 26. Qc2 Bb5 27. Ke2
Nf5 28. Re4 dxe4 0-1

[Event "Challenge"]
[Site "http://www.queenalice.com/game.php?id=1764037"]
[Date "2021.7.9"]
[Round "-"]
[White "Samuelfs57"]
[Black "frankcasadio"]
[Result "1-0"]
[WhiteElo "1986"]
[BlackElo "2017"]

1. e4 e5 2. Nf3 Nc6 3. Bb5 Bc5 4. Bxc6 dxc6 5. h3 Be6 6. O-O Qd7 7. Nxe5 Qd4 8.
Nd3 Bb6 9. e5 Ne7 10. Qf3 Nf5 11. c3 Qh4 12. Nf4 O-O 13. d4 g5 14. Nh5 Rad8 15.
Nf6+ Kh8 16. Nd2 Qh6 17. Nde4 Qg6 18. Nxg5 Bd5 19. Qg4 h6 20. Ngh7 Rg8 21. Nxg8
Rxg8 22. Nf6 Qxg4 23. hxg4 Nh4 24. Nxg8 Kxg8 25. f3 Kg7 26. Kf2 c5 27. Be3 cxd4
28. cxd4 c6 29. Rh1 Bd8 30. b3 f5 31. g3 Nxf3 32. gxf5 Ng5 33. Bxg5 Bxg5 34.
Rhe1 Kf7 35. e6+ Ke7 36. g4 Bh4+ 37. Ke3 Bg5+ 38. Kd3 Bf4 39. Rf1 Bg5 40. Rae1
a6 41. f6+ Bxf6 42. Rxf6 Kxf6 43. e7 Bf7 44. e8=Q Bxe8 45. Rxe8 a5 46. Kc4 Kg5
47. Rh8 Kg6 48. Kc5 Kg7 49. Rb8 Kg6 50. Rxb7 Kg5 51. Rh7 Kg6 52. Rc7 Kg5 53.
Rxc6 Kxg4 54. Rxh6 Kg5 55. Rh1 Kf5 56. Re1 a4 57. d5 Kf4 58. d6 a3 59. d7 Kf5
60. d8=Q Kg6 61. Rf1 Kg7 62. Qg5+ 1-0

[Event "Let's Play Chess!"]
[Site "http://www.queenalice.com/game.php?id=1865125"]
[Date "2025.11.4"]
[Round "-"]
[White "Samuelfs57"]
[Black "WoodpusherKid"]
[Result "1/2-1/2"]
[WhiteElo "2029"]
[BlackElo "2550"]

1. e4 e5 2. Nf3 Nf6 3. Bc4 Nxe4 4. Nc3 Nxc3 5. Bxf7+ Kxf7 6. dxc3 Bd6 7. Ng5+
Ke8 8. O-O Qe7 9. f4 Nc6 10. f5 Rf8 11. Nxh7 Bc5+ 12. Kh1 Qh4 13. Nxf8 Bxf8 14.
Rf3 Qf6 15. b4 d6 16. g4 g5 17. fxg6 Qh4 18. Qf1 Be6 19. Rxf8+ Kd7 20. Rf7+ Bxf7
21. Qxf7+ Ne7 22. g7 Qxg4 23. Bh6 Qe4+ 24. Kg1 Qg4+ 25. Kh1 Qe4+ 26. Kg1 1/2-1/2

[Event "Let's Play Chess!"]
[Site "http://www.queenalice.com/game.php?id=1865126"]
[Date "2025.11.4"]
[Round "-"]
[White "WoodpusherKid"]
[Black "Samuelfs57"]
[Result "1-0"]
[WhiteElo "2555"]
[BlackElo "2003"]

1. g3 f5 2. d4 Nf6 3. Nf3 g6 4. Bg2 d5 5. O-O Nc6 6. Bf4 Be6 7. Nbd2 Qd7 8. c4
dxc4 9. Qc1 Nxd4 10. Nxd4 Qxd4 11. Bxb7 Rb8 12. Bc6+ Bd7 13. Nf3 Qc5 14. Bxd7+
Nxd7 15. Be3 Qa5 16. Qxc4 Rxb2 17. Ng5 Ne5 18. Qc1 Rxe2 19. Rb1 Nd7 20. Qc6 e5
21. Rb8+ Ke7 22. Qe6# 1-0

[Event "Let's Play Chess!"]
[Site "http://www.queenalice.com/game.php?id=1865272"]
[Date "2025.11.7"]
[Round "-"]
[White "Samuelfs57"]
[Black "Capixabba789"]
[Result "1-0"]
[WhiteElo "2016"]
[BlackElo "1951"]

1. e4 Nf6 2. e5 Nd5 3. c4 Nf4 4. d4 Ng6 5. c5 e6 6. Nf3 d5 7. Bd3 c6 8. O-O Be7
9. Nc3 b5 10. a4 b4 11. Na2 a5 12. Bd2 Na6 13. Qe2 Bb7 14. g3 Nc7 15. Nc1 h5 16.
h4 Ba6 17. Nb3 Bxd3 18. Qxd3 Nxh4 19. Nxh4 Bxh4 20. gxh4 Qxh4 21. Kg2 g5 22. Rh1
Qg4+ 23. Qg3 Qf5 24. Qxg5 Qc2 25. Qe3 Kd7 26. Kf3 Rag8 27. Rag1 Rxg1 28. Rxg1 h4
29. Kg2 h3+ 30. Kh2 Qxb2 31. Nxa5 Qa2 32. Nb3 Qxa4 33. Ra1 Qb5 34. Qf3 Ke7 35.
Bg5+ 1-0

[Event "Let's Play Chess!"]
[Site "http://www.queenalice.com/game.php?id=1865273"]
[Date "2025.11.7"]
[Round "-"]
[White "Capixabba789"]
[Black "Samuelfs57"]
[Result "0-1"]
[WhiteElo "1970"]
[BlackElo "2001"]

1. d4 d6 2. c4 e5 3. d5 Nf6 4. Nc3 c6 5. e4 Be7 6. Nf3 O-O 7. Bd3 h6 8. Be3 Bg4
9. Ne2 Bxf3 10. gxf3 Na6 11. Rg1 Qa5+ 12. Bd2 Nb4 13. Bxb4 Qxb4+ 14. Nc3 Rab8
15. Qc2 Qc5 16. Qd2 Nh5 17. Qxh6 Bh4 18. Rg2 Qxf2+ 19. Rxf2 Bxf2+ 20. Kxf2 gxh6
21. Rg1+ Kh7 22. Ne2 Rg8 23. Ng3 Nf4 24. Bc2 Nh3+ 0-1

[Event "Challenge"]
[Site "http://www.queenalice.com/game.php?id=1865706"]
[Date "2025.11.18"]
[Round "-"]
[White "Samuelfs57"]
[Black "nykejog"]
[Result "0-1"]
[WhiteElo "2043"]
[BlackElo "2282"]

1. e4 c5 2. Nf3 Nc6 3. Bb5 Nf6 4. e5 Nd5 5. O-O Nc7 6. Bxc6 dxc6 7. Ng5 g6 8. f4
Qd4+ 9. Rf2 h6 10. c3 Qd3 11. Nf3 g5 12. Ne1 Qg6 13. d4 Bf5 14. Be3 Nd5 15. Bd2
gxf4 16. c4 Ne3 17. Bxe3 fxe3 18. Rf4 cxd4 19. Rxd4 Rg8 20. Nc3 Bg7 21. Nf3 Bxe5
0-1

[Event "AUTO-OPEN-4625"]
[Site "http://www.queenalice.com/game.php?id=1865885"]
[Date "2025.11.20"]
[Round "1"]
[White "Samuelfs57"]
[Black "MarcosT"]
[Result "0-1"]
[WhiteElo "2043"]
[BlackElo "2137"]

1. e4 e5 2. Nf3 Nf6 3. Bc4 Nxe4 4. Nc3 Nxc3 5. dxc3 Nc6 6. Ng5 d5 7. Bxd5 Be6 8.
Nxe6 fxe6 9. Qh5+ g6 10. Bxc6+ bxc6 11. Qxe5 Rg8 12. O-O Qe7 13. Re1 O-O-O 14.
Qxe6+ Qxe6 0-1

[Event "AUTO-OPEN-4625"]
[Site "http://www.queenalice.com/game.php?id=1865886"]
[Date "2025.11.20"]
[Round "1"]
[White "MarcosT"]
[Black "Samuelfs57"]
[Result "0-1"]
[WhiteElo "2137"]
[BlackElo "1958"]

1. d4 d6 2. e4 Nf6 3. Nc3 Nc6 4. Nf3 Bg4 5. Be3 e6 6. Be2 Be7 7. O-O O-O 8. a3
a6 9. d5 Ne5 10. Nxe5 Bxe2 11. Nxf7 Rxf7 12. Qxe2 e5 13. Rad1 Qd7 14. f4 exf4
15. Bxf4 Raf8 16. Rd3 c6 17. dxc6 Qxc6 18. Nd5 Nxd5 19. exd5 Qb6+ 20. Kh1 Qxb2
21. g3 g5 22. Qg4 Qg7 23. Qe6 gxf4 24. Rxf4 Kh8 25. Rxf7 Qxf7 26. Qe1 Qf1+ 27.
Qxf1 Rxf1+ 28. Kg2 Rc1 29. c3 b5 30. Re3 Bf8 31. Re8 Kg8 32. Ra8 Rxc3 33. Rxa6
Rc5 34. Kf3 Rxd5 35. Ke4 Rc5 36. Kd4 Kf7 37. Ra7+ Be7 38. g4 Ke6 39. h3 Bf6+ 0-1

[Event "AUTO-OPEN-4625"]
[Site "http://www.queenalice.com/game.php?id=1865887"]
[Date "2025.11.20"]
[Round "1"]
[White "Samuelfs57"]
[Black "WHUSIRO"]
[Result "0-1"]
[WhiteElo "2031"]
[BlackElo "1836"]

1. e4 c5 2. Nf3 d6 3. d3 Nf6 4. Nc3 Bg4 5. Be2 e6 6. O-O Be7 7. h3 Bh5 8. Be3
Nc6 9. Ng5 Bg6 10. d4 h6 11. Nf3 cxd4 12. Nxd4 e5 13. Nxc6 bxc6 14. Bd3 Qc7 15.
f4 d5 16. fxe5 Qxe5 17. Bf4 Qe6 18. exd5 cxd5 19. Bb5+ Kf8 20. Qf3 Ne4 21. Be5
Qxe5 22. Rae1 Bc5+ 23. Re3 Bxe3+ 24. Qxe3 d4 0-1

[Event "AUTO-OPEN-4625"]
[Site "http://www.queenalice.com/game.php?id=1865888"]
[Date "2025.11.20"]
[Round "1"]
[White "WHUSIRO"]
[Black "Samuelfs57"]
[Result "1-0"]
[WhiteElo "1860"]
[BlackElo "2007"]

1. e4 e5 2. Nf3 d5 3. exd5 Bd6 4. d4 e4 5. Ne5 Nf6 6. Bb5+ Bd7 7. Nxd7 Nbxd7 8.
Bg5 a6 9. Bxf6 gxf6 10. Ba4 Rg8 11. g3 Qe7 12. Qe2 O-O-O 13. a3 f5 14. c4 Nb6
15. Bc2 Qf6 16. c5 Bxc5 17. dxc5 Qxb2 18. cxb6 Qxa1 19. bxc7 Rxd5 20. O-O Qd4
21. Rd1 Qc5 22. Rxd5 Qxd5 23. Qe3 Kxc7 24. Bb3 Qb5 25. Nd2 Rf8 26. a4 Qb4 27. h4
Rd8 28. Nc4 Rd3 29. Qf4+ Kd8 30. Qb8+ Ke7 31. Qe5+ Kd7 32. Qxf5+ Ke8 33. Qxe4+
1-0